000 00862nam a2200265Ia 4500
003 OSt
005 20221005023646.0
006 a|||||r|||| 00| 0
007 ta
008 221004b |||||||| |||| 00| 0 eng d
020 _c4306.91
024 _a96549
037 _b5245, 05/02/2009, Efficient Book Distributors
_cTextual
040 _aCRL
_cCRL
_beng
041 _2eng
_aeng
082 _aR3xD20:g, P8
100 _aMofor Christian
_9579849
245 0 _aPlotinus and African concepts of evil
_b Perspective in multi-cultural philosophy
260 _aBern
_bPeter Lang Germany
_c2008
300 _axviii,333p.
_ccm.
490 _aEuropean University studies series XX; 703
650 _aPHILOSOPHY
942 _hR3xD20:g, P8
_cTEXL
_2cc
999 _c931549
_d931549